[Event "Oberjoch"]
[Site "?"]
[Date "2002.??.??"]
[Round "6"]
[White "Ten Berge, Hans"]
[Black "Fischer, Roger"]
[Result "0-1"]
[WhiteElo "2133"]
[BlackElo "2161"]
[Annotator "ChessOrg"]
[PlyCount "90"]

1. e4 d6 2. d4 Nf6 3. Nc3 g6 4. Bg5 c6 5. Qd2 b5 6. Bd3 Nbd7 7. Nf3 Qc7 8. O-O
Bg7 9. Rfe1 e5 10. d5 b4 11. dxc6 Qxc6 12. Nd1 a5 13. a3 Rb8 14. axb4 axb4 15.
b3 Nc5 16. Qe2 O-O 17. Nb2 Bb7 18. Bxf6 Bxf6 19. Nc4 Ba8 20. Ne3 Qc7 21. Nd2
Ne6 22. Bc4 Nf4 23. Qf1 Rfd8 24. g3 d5 25. exd5 Nxd5 26. Nxd5 Bxd5 27. Ne4 Be7
28. Bxd5 Rxd5 29. Red1 Rxd1 30. Qxd1 Rd8 31. Qe1 Qxc2 32. Qe3 Rd4 33. Ng5 Rd1+
34. Rxd1 Qxd1+ 35. Kg2 Bxg5 36. Qxg5 Qd5+ 37. Kg1 Qxb3 38. Qxe5 Qc3 39. Qb8+
Kg7 40. Kg2 b3 41. h4 b2 42. Kh2 Qc1 43. Qe5+ Kh6 44. g4 b1=Q 45. g5+ Kh5 0-1

[Event "Oberjoch"]
[Site "?"]
[Date "2002.??.??"]
[Round "6"]
[White "Schmidt, Werner"]
[Black "Johannsen, Torsten"]
[Result "1/2-1/2"]
[WhiteElo "1988"]
[BlackElo "2017"]
[Annotator "ChessOrg"]
[PlyCount "76"]

1. e4 Nf6 2. Nc3 e5 3. Nf3 Bb4 4. Nxe5 O-O 5. Be2 Re8 6. Nf3 Bxc3 7. dxc3 Nxe4
8. Be3 d6 9. Qd5 Nd7 10. Ng5 Nxg5 11. Bxg5 Nf6 12. Qf3 Bg4 13. Qxg4 Nxg4 14.
Bxd8 Raxd8 15. h3 Nf6 16. Kf1 Ne4 17. Rd1 Re5 18. g3 Rde8 19. Bd3 Nc5 20. Rd2
Na4 21. f4 Re1+ 22. Kg2 Rxh1 23. Kxh1 Re1+ 24. Kg2 Nxb2 25. Be2 Ra1 26. Bf3 b6
27. Re2 Kf8 28. Bc6 f6 29. Re8+ Kf7 30. Rc8 Re1 31. Rxc7+ Re7 32. Bd5+ Kf8 33.
Rc8+ Re8 34. Rxe8+ Kxe8 35. Kf3 Nd1 36. Bc6+ Ke7 37. c4 Nc3 38. a4 h6 1/2-1/2

[Event "Oberjoch"]
[Site "?"]
[Date "2002.??.??"]
[Round "6"]
[White "Mannaberg, Steffen"]
[Black "Kuerten, Jens"]
[Result "1-0"]
[WhiteElo "1765"]
[BlackElo "2016"]
[Annotator "ChessOrg"]
[PlyCount "121"]

1. d4 Nf6 2. Nf3 g6 3. e3 Bg7 4. Bd3 d6 5. Nbd2 Nc6 6. c3 O-O 7. O-O a6 8. e4
e5 9. dxe5 dxe5 10. Qe2 Qe7 11. Rd1 h6 12. Nf1 Be6 13. h3 Nd7 14. Ng3 Rad8 15.
b4 f5 16. Qc2 f4 17. Ne2 g5 18. a4 Qf7 19. Nd2 f3 20. Nxf3 Bxh3 21. gxh3 Qxf3
22. Ng3 Kh8 23. Ba3 Rf4 24. b5 Ncb8 25. Bc4 Rh4 26. Be6 Qf6 27. Bg4 Bf8 28. c4
Nc5 29. Rxd8 Qxd8 30. Rd1 Qf6 31. Rd5 Ne6 32. Bxf8 Nxf8 33. Qc3 Ng6 34. Nf5 h5
35. Nxh4 gxh4 36. Bf5 c6 37. bxc6 Nxc6 38. Kf1 Nf4 39. Rd7 Qg5 40. Qf3 Nd4 41.
Qh1 b6 42. Qg1 Ng2 43. Rh7+ Kg8 44. Qxg2 Qxg2+ 45. Kxg2 Nxf5 46. Rxh5 Nd6 47.
Rxe5 Nxc4 48. Re8+ Kf7 49. Rb8 Ke6 50. Kf3 Ke5 51. Re8+ Kd4 52. Kf4 b5 53. axb5
axb5 54. e5 b4 55. Rd8+ Kc5 56. Ke4 b3 57. Rc8+ Kb5 58. Rb8+ Kc5 59. f4 b2 60.
Kd3 Kd5 61. Rb5+ 1-0

[Event "Oberjoch"]
[Site "?"]
[Date "2002.??.??"]
[Round "6"]
[White "Wempe, Juergen"]
[Black "Oser, Thor"]
[Result "1-0"]
[WhiteElo "2167"]
[BlackElo "1684"]
[Annotator "ChessOrg"]
[PlyCount "31"]

1. e4 c5 2. Nf3 Nc6 3. c3 e6 4. Bb5 Qc7 5. O-O Ne5 6. d4 Nxf3+ 7. Qxf3 a6 8.
Bf4 Qb6 9. Ba4 Qxb2 10. Nd2 b5 11. Rab1 Qa3 12. Bb3 Qa5 13. Bd5 exd5 14. exd5
f6 15. Rfe1+ Kf7 16. d6 1-0

[Event "Oberjoch"]
[Site "?"]
[Date "2002.??.??"]
[Round "6"]
[White "Gerhardt, Peter-Michael"]
[Black "Sakowski, Christian"]
[Result "1-0"]
[WhiteElo "2122"]
[BlackElo "1715"]
[Annotator "ChessOrg"]
[PlyCount "43"]

1. d4 d5 2. c4 e5 3. dxe5 d4 4. Nf3 Nc6 5. g3 Bb4+ 6. Nbd2 Qe7 7. Bg2 Nxe5 8.
Nxe5 Bxd2+ 9. Bxd2 Qxe5 10. O-O Qf6 11. e3 Ne7 12. exd4 Qxd4 13. Re1 Be6 14.
Qa4+ Qd7 15. Qc2 O-O-O 16. Bg5 h6 17. Qb3 c6 18. Be3 Kb8 19. Rad1 Qc8 20. Qa3
Rxd1 21. Qxa7+ Kc7 22. Rxd1 1-0

[Event "Oberjoch"]
[Site "?"]
[Date "2002.??.??"]
[Round "6"]
[White "Oettel, Lothar"]
[Black "Niedergesaess, Herbert"]
[Result "0-1"]
[WhiteElo "1878"]
[BlackElo "1906"]
[Annotator "ChessOrg"]
[PlyCount "52"]

1. d4 Nf6 2. Nf3 g6 3. e3 Bg7 4. Bd3 d6 5. Nbd2 Nbd7 6. b3 c5 7. Bb2 O-O 8. O-O
a6 9. Re1 Nd5 10. Bf1 cxd4 11. exd4 b5 12. c4 bxc4 13. Nxc4 Bb7 14. Qd2 N5b6
15. Ng5 Nxc4 16. Bxc4 Nb6 17. Bf1 Rc8 18. Qa5 Nd5 19. Qxd8 Rfxd8 20. Bc4 e6 21.
Bxd5 Bxd5 22. Re2 Rd7 23. f3 Rdc7 24. Ne4 Bxe4 25. fxe4 Rc2 26. Rae1 Rxb2 0-1

[Event "Oberjoch"]
[Site "?"]
[Date "2002.??.??"]
[Round "6"]
[White "Kumeth, Hartmut"]
[Black "Hartmann, Rudi"]
[Result "1-0"]
[WhiteElo "1643"]
[BlackElo "1750"]
[Annotator "ChessOrg"]
[PlyCount "69"]

1. d4 d5 2. Nf3 Bf5 3. e3 e6 4. c4 c6 5. cxd5 exd5 6. Nc3 Nf6 7. Bd3 Bxd3 8.
Qxd3 Bd6 9. h3 O-O 10. O-O Nbd7 11. Bd2 Re8 12. Rac1 Ne4 13. Be1 f5 14. Nd2
Ndf6 15. Ncxe4 fxe4 16. Qc2 Rc8 17. Qd1 Bb8 18. f4 exf3 19. Rxf3 Ne4 20. Qb3
Rc7 21. Nxe4 Rxe4 22. Bg3 Rc8 23. Qxb7 Bxg3 24. Qf7+ Kh8 25. Rxg3 Qf6 26. Rf1
Qxf7 27. Rxf7 g6 28. Rxa7 c5 29. dxc5 Rxc5 30. Rb7 d4 31. exd4 Rxd4 32. Re3 Rc8
33. Re1 Rd2 34. Re4 Kg8 35. Ra4 1-0

[Event "Oberjoch"]
[Site "?"]
[Date "2002.??.??"]
[Round "6"]
[White "Wagner, Klaus"]
[Black "Wolf, Rudolf"]
[Result "1-0"]
[WhiteElo "1407"]
[BlackElo "1450"]
[Annotator "ChessOrg"]
[PlyCount "115"]

1. e4 c5 2. Nc3 Nc6 3. g3 d6 4. Nf3 Bg4 5. Bg2 Ne5 6. d3 g6 7. h3 Bxf3 8. Bxf3
Nxf3+ 9. Qxf3 Bg7 10. O-O Rb8 11. Be3 Qa5 12. Bd2 Qb6 13. Rab1 Nf6 14. Bg5 O-O
15. Bxf6 exf6 16. Nd5 Qd8 17. Kg2 Re8 18. g4 Re5 19. Qg3 Qa5 20. f4 Re6 21. f5
Re5 22. fxg6 fxg6 23. Nxf6+ Bxf6 24. Rxf6 Rf8 25. Rxf8+ Kxf8 26. Rf1+ Kg7 27.
Qf2 Qd8 28. Qf7+ Kh8 29. Qf8+ Qxf8 30. Rxf8+ Kg7 31. Rd8 Re7 32. Rxd6 a5 33. b3
Kf7 34. Kg3 Rc7 35. Kf4 Ke7 36. Rb6 Kd7 37. Kg5 Kc8 38. Rf6 Kb8 39. h4 Ka7 40.
c4 Rd7 41. Rf3 a4 42. bxa4 Ka6 43. e5 Ka5 44. e6 Rd8 45. e7 Re8 46. Rf7 Kxa4
47. Rxh7 b5 48. cxb5 Kxb5 49. Kxg6 Kb4 50. Kf7 Ra8 51. e8=Q Rxe8 52. Kxe8 Kc3
53. Rc7 Kxd3 54. Rxc5 Kd4 55. Rc1 Ke4 56. a4 Kf4 57. g5 Kg4 58. Rh1 1-0

[Event "Oberjoch"]
[Site "?"]
[Date "2002.??.??"]
[Round "6"]
[White "Laux, Dieter"]
[Black "Bullock, Alfred"]
[Result "1/2-1/2"]
[WhiteElo "1369"]
[BlackElo "1545"]
[Annotator "ChessOrg"]
[PlyCount "103"]

1. f4 d5 2. d3 Nc6 3. Nf3 Nf6 4. g3 Bg4 5. Nbd2 Bxf3 6. Nxf3 e6 7. c3 d4 8. e4
dxe3 9. Bxe3 Bd6 10. Bh3 e5 11. f5 e4 12. dxe4 Nxe4 13. Qe2 O-O 14. O-O-O Qe7
15. Rhe1 Rfe8 16. Bd4 Nf6 17. Qb5 Qd7 18. Bxf6 Rxe1 19. Nxe1 gxf6 20. Qxb7 Re8
21. Nf3 Re3 22. Nd2 Re2 23. Nc4 Rxh2 24. Bf1 Qxf5 25. Bd3 Qg5+ 26. Kb1 Qg4 27.
Rc1 Qf3 28. Qc8+ Kg7 29. Qf5 Qxf5 30. Bxf5 Rg2 31. Nxd6 Ne7 32. Be4 Rxg3 33.
Nb5 f5 34. Bc2 f4 35. Rd1 f3 36. Bd3 f2 37. Bf1 Rg1 38. Kc2 Nf5 39. Kd3 Ng3 40.
Ke3 Nh1 41. Nxc7 h5 42. Nd5 Rg3+ 43. Ke2 h4 44. Nf4 Kh6 45. Nd3 Rg1 46. Nxf2
Ng3+ 47. Kf3 h3 48. Nxh3 Rxf1+ 49. Rxf1 Nxf1 50. c4 Nd2+ 51. Ke2 Nxc4 52. b3
1/2-1/2

[Event "Oberjoch"]
[Site "?"]
[Date "2002.??.??"]
[Round "6"]
[White "Suess, Horst"]
[Black "Wempe, Moritz"]
[Result "1-0"]
[WhiteElo "1400"]
[BlackElo "1168"]
[Annotator "ChessOrg"]
[PlyCount "49"]

1. e4 d5 2. e5 Nc6 3. d4 Bf5 4. Bb5 a6 5. Ba4 e6 6. Ne2 f6 7. f4 h6 8. Ng3 g5
9. Nxf5 exf5 10. O-O b5 11. Bb3 Qe7 12. Qh5+ Kd7 13. Bxd5 Nxd4 14. c3 Nc2 15.
Bxa8 Nxa1 16. Qd1+ Kc8 17. Kh1 fxe5 18. Qd5 Nf6 19. Qb7+ Kd7 20. Rd1+ Ke6 21.
Qxa6+ Kf7 22. Qxb5 Bg7 23. Bd5+ Kg6 24. fxe5 Qxe5 25. Bf7+ 1-0

[Event "Oberjoch"]
[Site "?"]
[Date "2002.??.??"]
[Round "7"]
[White "Ketzscher, Roland"]
[Black "Stark, Ingo"]
[Result "1-0"]
[WhiteElo "2197"]
[BlackElo "2187"]
[Annotator "ChessOrg"]
[PlyCount "59"]

1. d4 b5 2. Nf3 Bb7 3. e3 a6 4. c4 b4 5. Bd3 Nf6 6. Nbd2 e6 7. e4 d5 8. cxd5
exd5 9. e5 Ne4 10. O-O Be7 11. Re1 Nxd2 12. Bxd2 O-O 13. Rc1 g6 14. Bh6 Nd7 15.
Qc2 c5 16. e6 c4 17. Bxf8 Nxf8 18. exf7+ Kxf7 19. Ne5+ Kg7 20. Bf1 Bg5 21. Rcd1
Qb6 22. g3 Bc8 23. h4 Bf5 24. Qe2 Bf6 25. Bg2 Re8 26. Bxd5 Bd3 27. Qd2 Qxd4 28.
Nxd3 c3 29. bxc3 bxc3 30. Qc2 1-0

[Event "Oberjoch"]
[Site "?"]
[Date "2002.??.??"]
[Round "7"]
[White "Trumpf, Walter"]
[Black "Fischer, Roger"]
[Result "0-1"]
[WhiteElo "2105"]
[BlackElo "2161"]
[Annotator "ChessOrg"]
[PlyCount "70"]

1. d4 d6 2. Nc3 g6 3. e4 Nf6 4. Be2 Bg7 5. Be3 c6 6. f3 Nbd7 7. Qd2 Qc7 8. Nh3
b5 9. Nf2 a6 10. O-O O-O 11. Bh6 Bb7 12. Bxg7 Kxg7 13. Ncd1 c5 14. c3 e6 15.
Ne3 Nb6 16. Neg4 Nxg4 17. Nxg4 f5 18. Nf2 Qe7 19. exf5 exf5 20. Rfe1 Qf6 21.
dxc5 dxc5 22. Qe3 Na4 23. Bf1 Nxb2 24. Qxc5 Rac8 25. Qb4 Qxc3 26. Re7+ Rf7 27.
Rxf7+ Kxf7 28. Qh4 h5 29. Qf4 Nd3 30. Nxd3 Qxa1 31. Qd6 Re8 32. f4 Qf6 33. Qc7+
Re7 34. Qb8 Qb6+ 35. Nf2 Re8 0-1

[Event "Oberjoch"]
[Site "?"]
[Date "2002.??.??"]
[Round "7"]
[White "Gerhardt, Peter-Michael"]
[Black "Mannaberg, Steffen"]
[Result "1-0"]
[WhiteElo "2122"]
[BlackElo "1765"]
[Annotator "ChessOrg"]
[PlyCount "153"]

1. d4 Nf6 2. c4 g6 3. Nc3 Bg7 4. e4 d6 5. f3 O-O 6. Be3 e5 7. Nge2 Nc6 8. Qd2
exd4 9. Nxd4 Nxd4 10. Bxd4 c6 11. Be2 Be6 12. O-O Qe7 13. Rfe1 Nd7 14. Bxg7
Kxg7 15. Rad1 Nb6 16. Qxd6 Qxd6 17. Rxd6 Nxc4 18. Rxe6 fxe6 19. Bxc4 Kf6 20.
e5+ Ke7 21. Ne4 Rf4 22. Kf2 b5 23. Bb3 a5 24. Nc5 a4 25. Bxe6 Rd4 26. Re2 b4
27. b3 Ra5 28. Rc2 Rxc5 29. Rxc5 Kxe6 30. Ke3 axb3 31. axb3 Rd1 32. Rxc6+ Kxe5
33. Rc4 Rb1 34. Rxb4 Rb2 35. f4+ Kd5 36. Kf3 Kc5 37. Rc4+ Kd5 38. Rb4 Kc5 39.
Rb7 h6 40. h4 h5 41. g4 hxg4+ 42. Kxg4 Rg2+ 43. Kf3 Rb2 44. Rb8 Kd5 45. Rd8+
Ke6 46. Rb8 Kf5 47. Rb5+ Kf6 48. Ke4 Re2+ 49. Kf3 Rb2 50. Kg3 Rb1 51. Rb8 Kf5
52. Rf8+ Ke4 53. Re8+ Kf5 54. Re5+ Kf6 55. Re3 Kf5 56. Re5+ Kf6 57. Rb5 Rb2 58.
Kf3 Rb1 59. Ke4 Re1+ 60. Kd5 Rd1+ 61. Kc6 Rd4 62. h5 gxh5 63. Rxh5 Rxf4 64. Rd5
Ke6 65. Rd3 Rf1 66. Re3+ Kf7 67. b4 Rc1+ 68. Kb6 Rb1 69. b5 Kf6 70. Kc6 Rc1+
71. Kb7 Rb1 72. b6 Rb2 73. Kc7 Rc2+ 74. Kb8 Rb2 75. b7 Rh2 76. Rc3 Ke6 77. Kc7
1-0

[Event "Oberjoch"]
[Site "?"]
[Date "2002.??.??"]
[Round "7"]
[White "Johannsen, Torsten"]
[Black "Wempe, Juergen"]
[Result "1/2-1/2"]
[WhiteElo "2017"]
[BlackElo "2167"]
[Annotator "ChessOrg"]
[PlyCount "37"]

1. c4 f5 2. Nc3 Nf6 3. g3 e6 4. Bg2 Be7 5. d4 O-O 6. Nf3 d6 7. O-O Qe8 8. Qc2
Qg6 9. Bg5 Nc6 10. Bxf6 Bxf6 11. e3 Bd7 12. Rac1 Rae8 13. Rfd1 Qh5 14. d5 Ne7
15. dxe6 Bxe6 16. Nb5 Bf7 17. b3 a6 18. Nbd4 Kh8 19. Qd2 1/2-1/2

[Event "Oberjoch"]
[Site "?"]
[Date "2002.??.??"]
[Round "7"]
[White "Niedergesaess, Herbert"]
[Black "Schmidt, Werner"]
[Result "1/2-1/2"]
[WhiteElo "1906"]
[BlackElo "1988"]
[Annotator "ChessOrg"]
[PlyCount "118"]

1. c4 Nf6 2. Nc3 e6 3. Nf3 d5 4. d4 Be7 5. Bg5 O-O 6. e3 h6 7. Bh4 b6 8. cxd5
Nxd5 9. Bxe7 Qxe7 10. Nxd5 exd5 11. Bd3 c5 12. dxc5 bxc5 13. O-O Nd7 14. Rc1
Rb8 15. b3 Bb7 16. Bb1 f5 17. Bd3 f4 18. Re1 fxe3 19. Rxe3 Qf6 20. Qe1 d4 21.
Re6 Qf4 22. Be4 Bxe4 23. Rxe4 Qf6 24. Ne5 Nxe5 25. Rxe5 d3 26. Rcxc5 Rbd8 27.
Qd2 Qxf2+ 28. Qxf2 Rxf2 29. Kxf2 d2 30. Rcd5 d1=Q 31. Rxd1 Rxd1 32. Re2 Rd7 33.
Ke1 Kf7 34. Rd2 Rc7 35. Kd1 Kf6 36. Rc2 Rd7+ 37. Kc1 Kf5 38. Re2 g5 39. Kb2 h5
40. Ka3 Kf4 41. Ka4 g4 42. b4 h4 43. Ka5 h3 44. gxh3 Kf3 45. Re8 gxh3 46. Rg8
Rd2 47. a4 Rxh2 48. Rg7 Rg2 49. Rxa7 Rg5+ 50. b5 Rh5 51. Rc7 h2 52. Rc1 h1=Q
53. Rxh1 Rxh1 54. b6 Ke4 55. b7 Rb1 56. Ka6 Kd5 57. Ka7 Kc6 58. b8=Q Rxb8 59.
Kxb8 Kb6 1/2-1/2

[Event "Oberjoch"]
[Site "?"]
[Date "2002.??.??"]
[Round "7"]
[White "Kuerten, Jens"]
[Black "Aigner, Georg"]
[Result "1/2-1/2"]
[WhiteElo "2016"]
[BlackElo "1787"]
[Annotator "ChessOrg"]
[PlyCount "117"]

1. e4 e5 2. Nf3 Nc6 3. Bc4 Nf6 4. d3 Be7 5. O-O d6 6. a3 Bg4 7. c3 O-O 8. Nbd2
Qd7 9. Re1 Rfe8 10. Qc2 Be6 11. Bxe6 fxe6 12. Nf1 Nh5 13. d4 exd4 14. cxd4 Rf8
15. d5 Ne5 16. Nxe5 dxe5 17. dxe6 Qd4 18. Be3 Qd8 19. Qc4 Kh8 20. Ng3 Nxg3 21.
hxg3 Bd6 22. Red1 Qf6 23. Rd2 Rae8 24. Rf1 Qxe6 25. Qxe6 Rxe6 26. Rfd1 Kg8 27.
Rd5 b6 28. Kf1 Kf7 29. Ke2 Ke7 30. R5d2 c6 31. a4 h6 32. b4 Rd8 33. b5 Bc7 34.
Rxd8 Bxd8 35. bxc6 Rxc6 36. Rc1 Rxc1 37. Bxc1 Kd6 38. Kd3 Kc6 39. f4 Bc7 40.
Bb2 exf4 41. Bxg7 h5 42. gxf4 Bxf4 43. Kd4 a6 44. e5 b5 45. axb5+ axb5 46. Ke4
Bd2 47. Kf5 Kd7 48. Bf8 Ke8 49. Bc5 h4 50. e6 Bh6 51. Bf2 b4 52. Ke4 Bg5 53.
Kd3 Be7 54. Kc4 Kf8 55. Bd4 Kg8 56. Kd5 Kh7 57. Kc6 Kg6 58. Kd7 Bg5 59. e7
1/2-1/2

[Event "Oberjoch"]
[Site "?"]
[Date "2002.??.??"]
[Round "7"]
[White "Oser, Thor"]
[Black "Ten Berge, Hans"]
[Result "1-0"]
[WhiteElo "1684"]
[BlackElo "2133"]
[Annotator "ChessOrg"]
[PlyCount "111"]

1. e4 e6 2. d4 d5 3. Bd3 dxe4 4. Bxe4 Nf6 5. Bf3 Nbd7 6. Ne2 Be7 7. O-O O-O 8.
c4 e5 9. Ng3 exd4 10. Qxd4 Bc5 11. Qc3 a5 12. Bf4 Re8 13. Rd1 c6 14. Nd2 Qb6
15. Nde4 Nxe4 16. Nxe4 Bb4 17. Qb3 Nc5 18. Nxc5 Bxc5 19. Qxb6 Bxb6 20. g4 h6
21. h4 Be6 22. b3 Red8 23. Kg2 Bc5 24. Kg3 Kf8 25. Rxd8+ Rxd8 26. Rd1 Ra8 27.
a4 Ke7 28. Be4 Rd8 29. Rxd8 Kxd8 30. Be5 f6 31. Bc3 Bb6 32. f4 Bc7 33. Kf3 Bf7
34. h5 Be8 35. Bd4 Bd6 36. Bb6+ Bc7 37. Bc5 b5 38. cxb5 cxb5 39. axb5 Bxb5 40.
Bf8 Ke8 41. Bxg7 Kf7 42. Bxh6 Kg8 43. g5 Bd7 44. gxf6 Be6 45. Bc2 Bd6 46. Bg7
Bf8 47. Bd1 Bxg7 48. fxg7 Kxg7 49. Ke4 Kf6 50. Kd4 Bg8 51. Bc2 Kg7 52. Kc5 Kh6
53. Bd1 Bf7 54. Kb5 Bxb3 55. Bxb3 Kxh5 56. Be6 1-0

[Event "Oberjoch"]
[Site "?"]
[Date "2002.??.??"]
[Round "7"]
[White "Wagner, Klaus"]
[Black "Oettel, Lothar"]
[Result "1/2-1/2"]
[WhiteElo "1407"]
[BlackElo "1878"]
[Annotator "ChessOrg"]
[PlyCount "41"]

1. e4 c5 2. Nc3 Nc6 3. g3 g6 4. Bg2 Bg7 5. Nf3 e6 6. d3 Nge7 7. O-O O-O 8. Be3
Nd4 9. Qd2 d5 10. Bh6 Nec6 11. Bxg7 Kxg7 12. Rae1 Nxf3+ 13. Bxf3 d4 14. Ne2 Rb8
15. Nf4 Qc7 16. Bd1 b5 17. Nh5+ gxh5 18. Qg5+ Kh8 19. Qf6+ Kg8 20. Qg5+ Kh8 21.
Qf6+ 1/2-1/2

[Event "Oberjoch"]
[Site "?"]
[Date "2002.??.??"]
[Round "7"]
[White "Sakowski, Christian"]
[Black "Kumeth, Hartmut"]
[Result "1/2-1/2"]
[WhiteElo "1715"]
[BlackElo "1643"]
[Annotator "ChessOrg"]
[PlyCount "44"]

1. d4 Nf6 2. Nf3 d5 3. c4 c6 4. Nc3 e6 5. e3 Be7 6. Bd3 Nbd7 7. b3 b6 8. O-O
Qc7 9. e4 dxe4 10. Nxe4 Nxe4 11. Bxe4 O-O 12. Qc2 f5 13. Bd3 c5 14. d5 Bf6 15.
Rb1 Ne5 16. Be2 exd5 17. cxd5 Qd6 18. Rd1 Bd7 19. g3 Rae8 20. Bf4 Nxf3+ 21.
Bxf3 Be5 22. Bxe5 Rxe5 1/2-1/2

[Event "Oberjoch"]
[Site "?"]
[Date "2002.??.??"]
[Round "7"]
[White "Hartmann, Rudi"]
[Black "Laux, Dieter"]
[Result "1/2-1/2"]
[WhiteElo "1750"]
[BlackElo "1369"]
[Annotator "ChessOrg"]
[PlyCount "51"]

1. d4 f5 2. c4 Nf6 3. Nf3 d6 4. g3 g6 5. Bg2 Bg7 6. O-O O-O 7. Nc3 Qe8 8. e3 c6
9. Qc2 Na6 10. a3 Bd7 11. Bd2 Rc8 12. b4 Nc7 13. Rac1 h6 14. Rfe1 Qf7 15. c5 g5
16. Red1 Be6 17. Rb1 Bc4 18. Bf1 Bd5 19. Nxd5 cxd5 20. Bg2 Ne4 21. cxd6 Nb5 22.
Qb3 Nbxd6 23. Be1 b5 24. a4 a6 25. axb5 axb5 26. Ra1 1/2-1/2

[Event "Oberjoch"]
[Site "?"]
[Date "2002.??.??"]
[Round "7"]
[White "Wolf, Rudolf"]
[Black "Suess, Horst"]
[Result "1-0"]
[WhiteElo "1450"]
[BlackElo "1400"]
[Annotator "ChessOrg"]
[PlyCount "115"]

1. f4 e6 2. b3 Nf6 3. Nf3 d6 4. Bb2 Be7 5. d3 d5 6. Ne5 Nbd7 7. e3 Nxe5 8. fxe5
Nd7 9. Nd2 c5 10. Be2 Bh4+ 11. g3 Bg5 12. Nf1 b6 13. Bg4 Bb7 14. h4 Be7 15. Qf3
Qc7 16. d4 Rc8 17. Rh2 b5 18. c3 c4 19. Rf2 O-O 20. Nd2 b4 21. Qg2 bxc3 22.
Bxc3 a5 23. bxc4 dxc4 24. Qh3 Qc6 25. Ke2 Bb4 26. Nb1 Nb6 27. Bf3 Qd7 28. a3
Bxc3 29. Nxc3 Bxf3+ 30. Kxf3 Nd5 31. Rc2 Qc6 32. Kf2 Nxc3 33. Rxc3 Qb5 34. Rac1
Rc6 35. h5 Rb8 36. h6 g6 37. Qh4 f5 38. exf6 Qf5+ 39. Qf4 Rf8 40. Qxf5 gxf5 41.
Rxc4 Rxc4 42. Rxc4 Kf7 43. Rc7+ Kg6 44. Re7 Rxf6 45. Kf3 Kxh6 46. Ra7 Kg6 47.
Rxa5 Rf8 48. a4 Kg5 49. Ra7 Kg6 50. a5 h6 51. a6 Kf6 52. Kf4 Rg8 53. Rh7 Kg6
54. Rb7 Ra8 55. a7 Kf6 56. e4 fxe4 57. Kxe4 h5 58. Kf4 1-0

[Event "Oberjoch"]
[Site "?"]
[Date "2002.??.??"]
[Round "7"]
[White "Wempe, Moritz"]
[Black "Bullock, Alfred"]
[Result "0-1"]
[WhiteElo "1168"]
[BlackElo "1545"]
[Annotator "ChessOrg"]
[PlyCount "60"]

1. e4 d6 2. d4 Nf6 3. Nc3 Nbd7 4. Be3 e5 5. d5 Be7 6. Bb5 O-O 7. Nge2 a6 8.
Bxd7 Bxd7 9. O-O b5 10. a3 a5 11. f4 b4 12. Nb1 Nxe4 13. Nd2 Nxd2 14. Qxd2 exf4
15. Nxf4 Bf6 16. Bd4 Bxd4+ 17. Qxd4 Qb8 18. Nh5 Qb6 19. Qxb6 cxb6 20. Rfe1 bxa3
21. Rxa3 Rfe8 22. Rae3 Rxe3 23. Rxe3 Re8 24. Rb3 b5 25. Rc3 Bg4 26. Ng3 Rc8 27.
Rc6 Rxc6 28. dxc6 Kf8 29. c7 Ke7 30. Nh5 g6 0-1

[Event "Oberjoch"]
[Site "?"]
[Date "2002.??.??"]
[Round "8"]
[White "Fischer, Roger"]
[Black "Stark, Ingo"]
[Result "1/2-1/2"]
[WhiteElo "2161"]
[BlackElo "2187"]
[Annotator "ChessOrg"]
[PlyCount "47"]

1. Nf3 Nf6 2. c4 e6 3. g3 d5 4. b3 c5 5. e3 Nc6 6. Bb2 Be7 7. Bg2 O-O 8. O-O
Qc7 9. Nc3 dxc4 10. bxc4 Rd8 11. Qe2 Bd7 12. Rfd1 Rac8 13. Rab1 a6 14. d3 Ne8
15. Ba1 Bf6 16. Nd2 Nd6 17. Nde4 Nxe4 18. Bxe4 Be7 19. Qb2 Bf6 20. Qxb7 Qa5 21.
Qb2 Nb4 22. a3 Nc6 23. Qc1 Rb8 24. Ne2 1/2-1/2

[Event "Oberjoch"]
[Site "?"]
[Date "2002.??.??"]
[Round "8"]
[White "Ketzscher, Roland"]
[Black "Gerhardt, Peter-Michael"]
[Result "1-0"]
[WhiteElo "2197"]
[BlackElo "2122"]
[Annotator "ChessOrg"]
[PlyCount "63"]

1. d4 Nf6 2. c4 e6 3. Nf3 d5 4. Nc3 c6 5. Bg5 Nbd7 6. e3 Qa5 7. cxd5 Nxd5 8.
Qd2 Bb4 9. Rc1 N7f6 10. Bd3 h6 11. Bh4 O-O 12. O-O Nxc3 13. bxc3 Ba3 14. Rb1
Be7 15. e4 Qd8 16. Rfe1 b5 17. c4 a6 18. e5 Ne8 19. Bxe7 Qxe7 20. Qe2 g6 21.
Nd2 c5 22. Qe3 bxc4 23. Nxc4 cxd4 24. Qxh6 f5 25. Nb6 Rb8 26. Nd5 exd5 27. Rxb8
Qc7 28. Qxg6+ Ng7 29. Rb3 Qa5 30. Reb1 Qd2 31. Bf1 f4 32. Rb7 1-0

[Event "Oberjoch"]
[Site "?"]
[Date "2002.??.??"]
[Round "8"]
[White "Wempe, Juergen"]
[Black "Trumpf, Walter"]
[Result "1/2-1/2"]
[WhiteElo "2167"]
[BlackElo "2105"]
[Annotator "ChessOrg"]
[PlyCount "43"]

1. d4 d5 2. e3 Nf6 3. Bd3 g6 4. Nd2 Bg7 5. h4 a6 6. b3 Bg4 7. f3 Bd7 8. Ba3 b6
9. g4 c5 10. dxc5 bxc5 11. g5 Nh5 12. Bxc5 Qc7 13. b4 Ng3 14. Rh2 Ne4 15. f4
Nxc5 16. bxc5 Qxc5 17. Kf2 Nc6 18. Rb1 e5 19. Ne2 e4 20. Bxe4 dxe4 21. Nxe4 Qa7
22. Rb7 1/2-1/2

[Event "Oberjoch"]
[Site "?"]
[Date "2002.??.??"]
[Round "8"]
[White "Aigner, Georg"]
[Black "Johannsen, Torsten"]
[Result "1-0"]
[WhiteElo "1787"]
[BlackElo "2017"]
[Annotator "ChessOrg"]
[PlyCount "105"]

1. e4 Nf6 2. e5 Nd5 3. d4 d6 4. exd6 cxd6 5. Nf3 g6 6. Bc4 Nb6 7. Bb3 Bg7 8. c3
O-O 9. O-O Bg4 10. h3 Bf5 11. Re1 d5 12. Bf4 Nc6 13. Nbd2 Rc8 14. Nf1 Na5 15.
Ng3 Nxb3 16. Nxf5 gxf5 17. axb3 a6 18. Ng5 Rc6 19. Qh5 h6 20. Nf3 Qd7 21. Nh4
Nc8 22. Re3 Kh7 23. Nxf5 Rf6 24. Nxg7 Rxf4 25. Qe5 Rf6 26. Nh5 Rg6 27. Rg3 Rfg8
28. Rxg6 Rxg6 29. Ng3 Rg5 30. Qe3 Nd6 31. Re1 e6 32. c4 dxc4 33. bxc4 Qc6 34.
b3 Kg7 35. Kh2 Nf5 36. Nxf5+ Rxf5 37. f3 Qd6+ 38. Kg1 Ra5 39. Qc3 Ra2 40. Qe3
Qg3 41. Qe5+ Qxe5 42. dxe5 Rb2 43. Re3 b6 44. Kh2 Kg6 45. Kg3 a5 46. f4 Kh5 47.
Kf3 Rd2 48. g4+ Kh4 49. Ke4 Rh2 50. f5 Rxh3 51. Rxh3+ Kxh3 52. fxe6 fxe6 53.
Kf3 1-0

[Event "Oberjoch"]
[Site "?"]
[Date "2002.??.??"]
[Round "8"]
[White "Mannaberg, Steffen"]
[Black "Niedergesaess, Herbert"]
[Result "1/2-1/2"]
[WhiteElo "1765"]
[BlackElo "1906"]
[Annotator "ChessOrg"]
[PlyCount "145"]

1. d4 Nf6 2. c4 g6 3. Nc3 d5 4. cxd5 Nxd5 5. e4 Nxc3 6. bxc3 Bg7 7. Bc4 O-O 8.
Be3 c5 9. Qd2 Qa5 10. Ne2 cxd4 11. cxd4 Qxd2+ 12. Bxd2 Nc6 13. Bc3 b6 14. O-O
Bb7 15. f3 Rac8 16. Rac1 Ne5 17. Bb3 Nd3 18. Rc2 Nf4 19. Nxf4 Rxc3 20. e5 Rxc2
21. Bxc2 Bh6 22. g3 Bxf4 23. gxf4 Rd8 24. Rd1 Bxf3 25. Rd2 Bd5 26. Bb3 e6 27.
Bxd5 Rxd5 28. Kf2 Kf8 29. Ke3 Ke7 30. Rc2 Kd7 31. a4 Ra5 32. Rc4 b5 33. Rc5 a6
34. d5 exd5 35. Rxd5+ Ke7 36. axb5 Rxb5 37. Rd6 Ra5 38. Kf3 Ra2 39. Kg3 a5 40.
Ra6 a4 41. Ra7+ Kf8 42. h3 Ra3+ 43. Kh4 Ra1 44. Kg5 Kg7 45. e6 h6+ 46. Kg4 Kf6
47. exf7 Kg7 48. Kg3 a3 49. Kg2 a2 50. Kh2 Rf1 51. Rxa2 Rxf4 52. Kg3 Rxf7 53.
Ra6 Re7 54. Ra3 Kf6 55. h4 Re4 56. Ra6+ Kf5 57. Ra5+ Re5 58. Ra3 h5 59. Rf3+
Ke6 60. Ra3 Re4 61. Ra6+ Kf7 62. Ra7+ Kf6 63. Ra6+ Kf5 64. Ra5+ Re5 65. Ra3 Re1
66. Ra5+ Ke6 67. Ra6+ Kd5 68. Ra5+ Kc4 69. Kf4 Rf1+ 70. Kg5 Rg1+ 71. Kh6 Rg4
72. Rg5 Rxh4 73. Kxg6 1/2-1/2

[Event "Oberjoch"]
[Site "?"]
[Date "2002.??.??"]
[Round "8"]
[White "Schmidt, Werner"]
[Black "Kuerten, Jens"]
[Result "0-1"]
[WhiteElo "1988"]
[BlackElo "2016"]
[Annotator "ChessOrg"]
[PlyCount "60"]

1. Nf3 Nf6 2. c4 g6 3. Nc3 Bg7 4. g3 O-O 5. Bg2 c6 6. O-O d6 7. d4 Na6 8. e4 c5
9. h3 Nc7 10. Be3 Nd7 11. Qd2 Rb8 12. Rfd1 Ne6 13. Rab1 cxd4 14. Nxd4 Nxd4 15.
Bxd4 Bxd4 16. Qxd4 Qb6 17. Nd5 Qd8 18. Qxa7 b6 19. Qa3 Bb7 20. Qe3 Bxd5 21.
Rxd5 Qc7 22. b3 Ra8 23. a4 Nc5 24. e5 Ra7 25. exd6 exd6 26. Qh6 Rd8 27. Rd4 f6
28. Bd5+ Kh8 29. Rg4 Qg7 30. Rxg6 Qxg6 0-1